A History of Poltical Theory (Record no. 6383)

MARC details
000 -LEADER
fixed length control field 00486nam a22001817a 4500
005 - DATE AND TIME OF LATEST TRANSACTION
control field 20210904101917.0
008 - FIXED-LENGTH DATA ELEMENTS--GENERAL INFORMATION
fixed length control field 200521b xxu||||| |||| 00| 0 eng d
020 ## - INTERNATIONAL STANDARD BOOK NUMBER
ISBN 8120417066
041 ## - LANGUAGE CODE
Language code of text/sound track or separate title eng
082 ## - DEWEY DECIMAL CLASSIFICATION NUMBER
Classification number 320.01 HAB
100 ## - MAIN ENTRY--AUTHOR NAME
Personal name Sabine, Georgh h and thorson , Thomasl
245 ## - TITLE STATEMENT
Title A History of Poltical Theory
250 ## - EDITION STATEMENT
Edition statement 4'th
260 ## - PUBLICATION, DISTRIBUTION, ETC. (IMPRINT)
Place of publication New Delhi
Name of publisher Oxford and IBH Publishing co Pvt Ltd
Year of publication 1973
300 ## - PHYSICAL DESCRIPTION
Number of Pages 871p.
650 ## - SUBJECT ADDED ENTRY--TOPICAL TERM
Topical Term Poltical Science
942 ## - ADDED ENTRY ELEMENTS (KOHA)
Koha item type Books
Holdings
Lost status Damaged status Collection code Home library Current library Shelving location Date acquired Source of acquisition Cost, normal purchase price Full call number Accession Number Koha item type
    LAW JRU Library JRU Library SHELF-30-F 02/06/2020 PURCHASE 650.00 320.01 HAB 24201 Books
    LAW JRU Library JRU Library SHELF-30-F 02/06/2020 PURCHASE 650.00 320.01 HAB 24202 Books
    LAW JRU Library JRU Library SHELF-30-F 02/06/2020 PURCHASE 650.00 320.01 HAB 24203 Books